=LDR 00000nam 2200000 4500 =001 INLIS000000000019833 =005 20130612114842 =008 ***********************************Ind** =035 ##$$0010-061300000019833 =041 ##$$a Ind =082 ##$$a 616.07 =090 ##$$a 616.07, Tam p =100 ##$$a Tamayong, Jan =245 ##$$a Patofisiologi untuk keperwatan, Jan Tambayong ; editor, Monica Esther =260 ##$$a 2000 $b Jakarta =300 ##$$a viii, 211 hlm, ilus, 24 cm =650 ##$$a Fisiologi Patologi =850 ##$$a NBPNMAT